000 00785nam a2200205Ii 4500
003 JO-AjNU
008 230605s9999||||xx |||||||||||||| ||und||
017 _a2005/6/1456
040 _aJO-AjNU
_bara
_erda
_cJO-AjNU
041 _aara
050 1 4 _aBP80.2005
100 3 _aأمين،سامر محي الدين ، عباس،رضا,
_eauthor
_919751
245 0 0 _a104قصة من قصص أبو بكر الصديق رضي الله عنه
264 3 1 _aعمان:دار البيت العتيق للنشر والتوزيع ،2005
300 _a79ص
336 _atext
_btxt
_2rdacontent
337 _aunmediated
_bn
_2rdamedia
338 _avolume
_bnc
_2rdacarrier
650 4 _aالصحابة والتابعون-تراجم-الخلفاء الراشدون-ابو بكر الصديق
_919752
999 _aA6573
_c10141
_d10141